| 000 | 00562nam a2200205Ia 4500 | ||
|---|---|---|---|
| 005 | 20260429111955.0 | ||
| 008 | 260429s9999||||xx |||||||||||||| ||und|| | ||
| 020 | _a9783111329932 | ||
| 041 | _aEnglish | ||
| 082 |
_a660.63 _bBEN |
||
| 100 | _aBenvenuto, Mark Anthony | ||
| 245 | 0 |
_aIndustrial biotechnology / _cMark Anthony Benvenuto |
|
| 250 | _a2nd ed. | ||
| 260 |
_aGermany : _bDe Gruyter, _c2024. |
||
| 300 | _aix, 142 p.; pbk | ||
| 650 | _a Biochemical engineering | ||
| 650 | _a Industrial biotechnology | ||
| 650 | _aBiotechnology | ||
| 942 | _cTB | ||
| 999 |
_c51696 _d51696 |
||